<?xml version="1.0" encoding="UTF-8"?>
<collection xmlns="http://www.loc.gov/MARC21/slim">
 <record>
  <leader>01755nam a2200265   4500</leader>
  <controlfield tag="001">000023054</controlfield>
  <controlfield tag="003">19503</controlfield>
  <controlfield tag="005">20150812150815.0</controlfield>
  <controlfield tag="008">150527s2008                           sd</controlfield>
  <datafield tag="100" ind1="1" ind2=" ">
   <subfield code="a">Nguyễn Quang Vinh</subfield>
   <subfield code="e">Chủ biên</subfield>
  </datafield>
  <datafield tag="245" ind1="1" ind2="0">
   <subfield code="a">Phương pháp dạy học sinh học ở Trung học cơ sở</subfield>
   <subfield code="c">Nguyễn Quang Vinh (ch.b.), Cao Gia Nức, Trần Đăng Cát</subfield>
  </datafield>
  <datafield tag="250" ind1=" " ind2=" ">
   <subfield code="a">Tái bản lần 1</subfield>
  </datafield>
  <datafield tag="260" ind1=" " ind2=" ">
   <subfield code="a">H.</subfield>
   <subfield code="b">Đại học Sư phạm</subfield>
   <subfield code="c">2008</subfield>
  </datafield>
  <datafield tag="774" ind1=" " ind2=" ">
   <subfield code="a">Nguyễn Quang Vinh</subfield>
   <subfield code="b">Tái bản lần thứ 1</subfield>
   <subfield code="d">Đại học Sư phạm</subfield>
   <subfield code="d">H.</subfield>
   <subfield code="d">2008</subfield>
   <subfield code="g">T.1</subfield>
   <subfield code="h">229 tr.</subfield>
   <subfield code="n">ĐSTT ghi: Bộ giáo dục và đào tạo - Dự án đào tạo giáo viên THCS</subfield>
   <subfield code="t">Phương pháp dạy học sinh học ở Trung học cơ sở</subfield>
   <subfield code="w">19504</subfield>
  </datafield>
  <datafield tag="774" ind1=" " ind2=" ">
   <subfield code="a">Nguyễn Quang Vinh</subfield>
   <subfield code="b">Tái bản lần thứ 1</subfield>
   <subfield code="d">Đại học Sư phạm</subfield>
   <subfield code="d">H.</subfield>
   <subfield code="d">2008</subfield>
   <subfield code="g">T.2</subfield>
   <subfield code="h">171tr.</subfield>
   <subfield code="n">ĐSTT ghi: Bộ giáo dục và đào tạo - Dự án đào tạo giáo viên THCS</subfield>
   <subfield code="t">Phương pháp dạy học sinh học ở Trung học cơ sở</subfield>
   <subfield code="w">19505</subfield>
  </datafield>
  <datafield tag="774" ind1=" " ind2=" ">
   <subfield code="a">Nguyễn Quang Vinh</subfield>
   <subfield code="b">Tái bản lần thứ nhất</subfield>
   <subfield code="d">Đại học Sư phạm</subfield>
   <subfield code="d">H.</subfield>
   <subfield code="d">2008</subfield>
   <subfield code="g">Tập 1</subfield>
   <subfield code="h">227 tr.</subfield>
   <subfield code="n">ĐSTT ghi: Bộ giáo dục và đào tạo - Dự án đào tạo giáo viên THCS</subfield>
   <subfield code="t">Phương pháp dạy học sinh học ở Trung học cơ sở</subfield>
   <subfield code="w">20527</subfield>
  </datafield>
  <datafield tag="774" ind1=" " ind2=" ">
   <subfield code="a">Nguyễn Quang Vinh</subfield>
   <subfield code="b">Tái bản lần thứ nhất</subfield>
   <subfield code="d">Đại học Sư phạm</subfield>
   <subfield code="d">H.</subfield>
   <subfield code="d">2008</subfield>
   <subfield code="g">Tập 2</subfield>
   <subfield code="h">169 tr.</subfield>
   <subfield code="n">ĐSTT ghi: Bộ giáo dục và đào tạo - Dự án đào tạo giáo viên THCS</subfield>
   <subfield code="t">Phương pháp dạy học sinh học ở Trung học cơ sở</subfield>
   <subfield code="w">20528</subfield>
  </datafield>
  <datafield tag="OWN" ind1=" " ind2=" ">
   <subfield code="a">LSP</subfield>
  </datafield>
  <datafield tag="999" ind1=" " ind2=" ">
   <subfield code="a">From the UDN01</subfield>
  </datafield>
  <datafield tag="TYP" ind1=" " ind2=" ">
   <subfield code="a">Monograph</subfield>
  </datafield>
  <datafield tag="TYP" ind1=" " ind2=" ">
   <subfield code="a">Printed language</subfield>
  </datafield>
  <datafield tag="980" ind1=" " ind2=" ">
   <subfield code="a">Mạng thư viện Đại học Đà Nẵng</subfield>
  </datafield>
 </record>
</collection>
